000 00506nam a2200169Ia 4500
005 20250508160011.0
008 008 250505s9999 xx 000 0 eng d
037 _aBooks to be hide in OPAC
040 _aFEDL
_beng
_cFEDL
041 _aeng
_2eng
084 _a313.370 942, GRE/O
_qFEDL
245 0 _aEducation (England and Wales) statistics
260 _aLondon, UK
_bHis Majesty's Stationery
_c1913
300 _a9p
942 _cHB
_h313.370 942, GRE/O
999 _c1360881
_d1360881